00473nam a2200157Ia 4500082001200000100001700012245007500029260003300104300002000137650002300157650003000180650002800210650002300238650003400261710002000295 aTL.0065 aLila, Kumkum 0aOccupational mobility among scavengers of Bhopal: a sociological study c1998bBarkatullah University a188p + C D - 48 aGarbagemanvBhopal aRefuse collectorsvBhopal aSocial mobilityvBhopal aScavengersvBhopal aOccupational mobilityvBhopal aChaudhary, S.N.